Robert De Niro & Martin Scorsese Collaborations - Statistics

General Stats
  • This quiz has been taken 19 times
  • The average score is 8 of 10
Answer Stats
Year Released Movie % Correct
1990 Goodfellas
100%
1976 Taxi Driver
100%
2019 The Irishman
100%
1995 Casino
94%
2023 Killers of the Flower Moon
89%
1974 Mean Streets
78%
1982 The King of Comedy
78%
1991 Cape Fear
72%
1977 New York, New York
61%
2015 The Audition
28%
No matching quizzes found
Score Distribution
Percent of People with Each Score
Percentile by Number Answered
Your Score History
You have not taken this quiz